Social History of Assam (Record no. 4866)

MARC details
000 -LEADER
fixed length control field 00481cam a2200193ua 4500
001 - CONTROL NUMBER
control field 5711
005 - DATE AND TIME OF LATEST TRANSACTION
control field 20260515113927.0
008 - FIXED-LENGTH DATA ELEMENTS--GENERAL INFORMATION
fixed length control field 131008n ii |||gr||||Z||||||eng
020 ## - INTERNATIONAL STANDARD BOOK NUMBER
International Standard Book Number 81-7022-224-9
040 ## - CATALOGING SOURCE
Transcribing agency MAIN
082 ## - DEWEY DECIMAL CLASSIFICATION NUMBER
Classification number 954.162
100 1# - MAIN ENTRY--PERSONAL NAME
Personal name Bose,M.L,
Relator term Author.
245 ## - TITLE STATEMENT
Title Social History of Assam
Statement of responsibility, etc. by M.L.Bose
260 ## - PUBLICATION, DISTRIBUTION, ETC.
Place of publication, distribution, etc. New Delhi:
Name of publisher, distributor, etc. Concept Publishing Company,
Date of publication, distribution, etc. 2003.
300 ## - PHYSICAL DESCRIPTION
Extent 110p.
653 ## - INDEX TERM--UNCONTROLLED
Uncontrolled term History
653 ## - INDEX TERM--UNCONTROLLED
Uncontrolled term Social History Of Assam
942 ## - ADDED ENTRY ELEMENTS (KOHA)
Koha item type Books
Holdings
Withdrawn status Lost status Damaged status Not for loan Home library Current library Shelving location Date acquired Total checkouts Full call number Barcode Date last seen Copy number Price effective from Koha item type
        Naharkatiya College Library Naharkatiya College Library General stacks 09/19/2020   954.162 | BOS 17583 09/19/2020 1 09/19/2020 Books